Stolice Afryki - Statystyki

Ogólne statystyki
  • Ten quiz został rozwiązany 139 razy
    20 od ostatniego zresetowania
  • Średni wynik to 37 z 54
Statystyki odpowiedzi
Państwo Stolica % Poprawnych
Egipt Kair
100%
Republika Południowej Afryki Pretoria/Kapsztad/Bloemfontein
100%
Tunezja Tunis
100%
Algieria Algier
95%
Maroko Rabat
95%
Nigeria Abudża
90%
Senegal Dakar
90%
Demokratyczna Republika Konga Kinszasa
90%
Kenia Nairobi
90%
Libia Trypolis
90%
Etiopia Addis Abeba
85%
Madagaskar Antananarywa
85%
Sudan Chartum
85%
Somalia Mogadiszu
85%
Ghana Akra
80%
Gwinea Bissau Bissau
80%
Kongo Brazzaville
80%
Uganda Kampala
80%
Angola Luanda
80%
Dżibuti Dżibuti
75%
Zimbabwe Harare
70%
Mozambik Maputo
70%
Liberia Monrovia
70%
Wyspy Świętego Tomasza i Książęca Sao Tome
70%
Namibia Windhuk
70%
Tanzania Dodoma
65%
Sierra Leone Freetown
65%
Kamerun Jaunde
65%
Togo Lomé
65%
Czad Ndżamena
65%
Gambia Bandżul
60%
Sudan Południowy Dżuba
60%
Rwanda Kigali
60%
Gabon Libreville
60%
Mauretania Nawakszut
60%
Niger Niamey
60%
Burkina Faso Wagadugu
60%
Erytrea Asmara
55%
Mali Bamako
55%
Botswana Gaborone
55%
Gwinea Konakry
55%
Zambia Lusaka
55%
Seszele Victoria
55%
Republika Środkowoafrykańska Bangi
50%
Lesotho Maseru
50%
Mauritius Port Louis
50%
Benin Porto-Novo
50%
Wybrzeże Kości Słoniowej Jamusukro
45%
Eswatini Mbabane
45%
Republika Zielonego Przylądka Praia
45%
Burundi Gitega
40%
Malawi Lilongwe
40%
Komory Moroni
40%
Gwinea Równikowa Ciudad de la Paz
30%
Nie znaleziono quizów pasujących do podanych kryteriów
Rozkład punktacji
Procent ludzi z każdym wynikiem
Percentyl według liczby udzielonych odpowiedzi
Twoja historia wyników
Nie rozwiązałeś tego quizu od ostatniego zresetowania